000 00443ntaaa2200181 4500
003 01
005 20251027202138.0
008 0714s1973 ag 01
040 _aAR-BaBN
_bspa
_cAR-BaBN
_eaacr
_dRIC
082 _a262.1400 G86d
100 _aGregory, Laverne M
_919934
245 _aEl diácono
250 _a1 ed.
260 _aEl Paso :
_bCasa Bautista de Publicaciones,
_c1973
300 _a23 p
650 _adiaconado
_93995
942 _cBK
999 _c16378
_d16378